[Event "World Blitz Championship"]
[Site "Moscow RUS"]
[Date "2009.11.17"]
[EventDate "2009.11.16"]
[Round "15"]
[Result "1/2-1/2"]
[White "Leinier Dominguez Perez"]
[Black "Levon Aronian"]
[WhiteElo "2719"]
[BlackElo "2786"]
[PlyCount "131"]

1. e4 e5 2. Nf3 Nc6 3. Bb5 Nge7 4. O-O g6 5. c3 a6 6. Ba4 Bg7
7. d4 exd4 8. cxd4 b5 9. Bb3 O-O 10. Nc3 d6 11. Nd5 h6
12. Nxe7+ Nxe7 13. Be3 Kh7 14. Rc1 f5 15. e5 Bb7 16. Re1 a5
17. Qe2 f4 18. Bd2 Bxf3 19. Qxf3 dxe5 20. d5 Nf5 21. Qe4 Nd6
22. Qb1 Rf7 23. Bc2 Qg5 24. Be4 Nxe4 25. Qxe4 Qf5 26. Qe2 b4
27. Rc5 Bf8 28. Rb5 Bd6 29. a3 bxa3 30. bxa3 Re8 31. f3 Bxa3
32. Rxa5 Bd6 33. Ra4 g5 34. Re4 Rg7 35. Bc3 g4 36. fxg4 Rxg4
37. Qf3 Reg8 38. R1e2 R4g5 39. Kf1 Rh5 40. Bxe5 Bxe5 41. Rxe5
Qxe5 42. Rxe5 Rxe5 43. Qxf4 Rgg5 44. Qf7+ Rg7 45. Qf3 Rd7
46. Qd3+ Kh8 47. Qc3 Rf7+ 48. Kg1 Rfe7 49. h3 Kg8 50. Qc6 Kg7
51. d6 cxd6 52. Qxd6 R5e6 53. Qd4+ Rf6 54. Kh2 Ref7 55. Qg4+
Rg6 56. Qd4+ Kh7 57. Qe4 Rfg7 58. Qd3 h5 59. Qe4 Kh8 60. Qe8+
Kh7 61. Qe4 Rg8 62. Qf5 Kh6 63. Qf4+ Kh7 64. Qe4 R8g7 65. Qf5
Kh6 66. Qf4+ 1/2-1/2

[Event "World Blitz Championship"]
[Site "Moscow RUS"]
[Date "2009.11.17"]
[EventDate "2009.11.16"]
[Round "17"]
[Result "1/2-1/2"]
[White "Leinier Dominguez Perez"]
[Black "Peter Leko"]
[WhiteElo "2719"]
[BlackElo "2752"]
[PlyCount "64"]

1. e4 c6 2. d4 d5 3. e5 Bf5 4. Nf3 e6 5. Be2 Bg6 6. O-O Nd7
7. Nbd2 Nh6 8. Re1 Nf5 9. Nf1 Be7 10. Bd3 Nh4 11. Nxh4 Bxh4
12. c3 Rc8 13. b4 a5 14. a3 Ra8 15. Bf4 Nb6 16. Ne3 Be7
17. Rb1 axb4 18. axb4 O-O 19. Qc2 Ra3 20. Ra1 Qa8 21. Qb2 Ra4
22. Bf1 Qa7 23. Rxa4 Nxa4 24. Ra1 b5 25. Qd2 Ra8 26. Nd1 Qb7
27. Ra3 Nb6 28. Qa2 Rxa3 29. Qxa3 Na4 30. Nb2 Bc2 31. Nd3 Qa8
32. Nc5 h6 1/2-1/2

[Event "World Blitz Championship"]
[Site "Moscow RUS"]
[Date "2009.11.17"]
[EventDate "2009.11.16"]
[Round "18"]
[Result "1-0"]
[White "Vassily Ivanchuk"]
[Black "Leinier Dominguez Perez"]
[WhiteElo "2739"]
[BlackElo "2719"]
[PlyCount "93"]

1. Nf3 c5 2. c3 d5 3. d4 cxd4 4. cxd4 Nf6 5. Nc3 Nc6 6. Bf4
Bf5 7. e3 e6 8. Bb5 Nd7 9. Qa4 Rc8 10. O-O a6 11. Bxc6 Rxc6
12. Rfc1 Be7 13. Ne2 Qb6 14. Rxc6 Qxc6 15. Qxc6 bxc6 16. Rc1
Bd3 17. Nc3 c5 18. dxc5 Nxc5 19. Ne5 f6 20. Nc6 Bc4 21. b3 Nd3
22. Rd1 Nxf4 23. bxc4 Ng6 24. cxd5 exd5 25. Nxd5 Bf8 26. Nc7+
Kf7 27. Rd7+ Ne7 28. Nxe7 Bxe7 29. Nd5 Ke6 30. Rxe7+ Kxd5
31. Rxg7 Rb8 32. h4 Rb1+ 33. Kh2 Rb2 34. Kg3 h5 35. Rh7 Rxa2
36. Rxh5+ Ke6 37. Kf3 a5 38. g4 Ra1 39. Kg2 Ra3 40. Rb5 a4
41. Ra5 Ra1 42. h5 Kf7 43. Ra6 a3 44. Kf3 a2 45. Kf4 Ke7
46. Kf5 Kd7 47. Kxf6 1-0

[Event "World Blitz Championship"]
[Site "Moscow RUS"]
[Date "2009.11.17"]
[EventDate "2009.11.16"]
[Round "19"]
[Result "0-1"]
[White "Leinier Dominguez Perez"]
[Black "Vladimir Kramnik"]
[WhiteElo "2719"]
[BlackElo "2772"]
[PlyCount "67"]

1. e4 d5 2. exd5 Qxd5 3. Nc3 Qd6 4. d4 Nf6 5. Nf3 g6 6. Be3
Bg7 7. Qd2 O-O 8. O-O-O a6 9. h3 b5 10. Bh6 Bb7 11. Bxg7 Kxg7
12. Qe3 Nbd7 13. Ne5 Rad8 14. a3 Nb6 15. h4 h5 16. f3 Nbd5
17. Nxd5 Nxd5 18. Qe1 c5 19. dxc5 Qxc5 20. Nd3 Qe3+ 21. Qd2
Rd6 22. Re1 Qxd2+ 23. Kxd2 Rc8 24. Kc1 e6 25. c3 a5 26. Ne5 b4
27. axb4 axb4 28. c4 b3 29. Kd2 Nb6+ 30. Kc3 f6 31. Nd3 Nxc4
32. Kxb3 Nd2+ 33. Kb4 Rb6+ 34. Ka5 0-1

[Event "World Blitz Championship"]
[Site "Moscow RUS"]
[Date "2009.11.17"]
[EventDate "2009.11.16"]
[Round "20"]
[Result "0-1"]
[White "Vugar Gashimov"]
[Black "Leinier Dominguez Perez"]
[WhiteElo "2758"]
[BlackElo "2719"]
[PlyCount "148"]

1. e4 c5 2. Nc3 d6 3. d4 cxd4 4. Qxd4 Nc6 5. Bb5 Bd7 6. Bxc6
Bxc6 7. Bg5 h6 8. Be3 Nf6 9. O-O-O e6 10. f3 b5 11. Kb1 d5
12. e5 Nd7 13. Nce2 Qc7 14. f4 b4 15. Nf3 a5 16. f5 Bc5
17. Qf4 O-O-O 18. Ned4 Rhe8 19. Rhe1 Kb7 20. Qg3 Bf8 21. fxe6
fxe6 22. Qg6 Nc5 23. Rf1 Bd7 24. Nd2 a4 25. Rf7 Ka6 26. Qg3 a3
27. b3 Rc8 28. Rc1 Re7 29. Rxe7 Bxe7 30. Ne2 g5 31. Bd4 Kb7
32. c3 bxc3 33. Rxc3 Qa5 34. Qe3 Na6 35. Rxc8 Kxc8 36. Bc3 Qc7
37. Nf3 Be8 38. Nfd4 Bg6+ 39. Ka1 Qb6 40. Qd2 Nb4 41. Qc1 Kd7
42. Qd2 Bc5 43. g3 Be4 44. Qd1 Nd3 45. Qf1 Nb4 46. Qd1 Bg6
47. Qf1 Bd3 48. Qf7+ Kc8 49. Qe8+ Kb7 50. Qd7+ Ka6 51. Qa4+
Kb7 52. Qd7+ Kb8 53. Qe8+ Ka7 54. Qa4+ Ba6 55. Qd7+ Qb7
56. Qxb7+ Kxb7 57. Kb1 Bd3+ 58. Ka1 Bg6 59. Nxe6 Nc2+ 60. Kb1
Nd4+ 61. Ka1 Nxe6 62. Nc1 Kc6 63. b4 Bd4 64. Ne2 Bxc3+
65. Nxc3 d4 66. b5+ Kc5 67. Nd1 Kxb5 68. g4 Kc4 69. Nf2 Kc3
70. h4 Kd2 71. hxg5 Nxg5 72. e6 d3 73. e7 Ke2 74. Ne4 Nxe4 0-1

[Event "World Blitz Championship"]
[Site "Moscow RUS"]
[Date "2009.11.17"]
[EventDate "2009.11.16"]
[Round "24"]
[Result "1-0"]
[White "Leinier Dominguez Perez"]
[Black "Peter Svidler"]
[WhiteElo "2719"]
[BlackElo "2754"]
[PlyCount "75"]

1. e4 c5 2. Nf3 e6 3. d4 cxd4 4. Nxd4 a6 5. c4 Nf6 6. Nc3 Bb4
7. Qf3 Qa5 8. Bd2 Nc6 9. Nxc6 bxc6 10. a3 O-O 11. Rc1 Bxc3
12. Bxc3 Qg5 13. Rd1 d5 14. h4 Qh6 15. exd5 exd5 16. Bxf6 Re8+
17. Be2 gxf6 18. cxd5 cxd5 19. O-O Qxh4 20. Qxd5 Be6 21. Qd4
Qxd4 22. Rxd4 a5 23. Bf3 Rab8 24. b4 axb4 25. axb4 Rb6 26. b5
Rxb5 27. Bc6 Reb8 28. Bxb5 Rxb5 29. Rc1 Bf5 30. Rd6 Kg7
31. Rcc6 Be6 32. Rc3 Rb1+ 33. Kh2 Rb2 34. Rg3+ Kf8 35. Rf3 Kg7
36. Rd4 h5 37. Rdf4 Bg4 38. Rg3 1-0

[Event "World Blitz Championship"]
[Site "Moscow RUS"]
[Date "2009.11.17"]
[EventDate "2009.11.16"]
[Round "25"]
[Result "1-0"]
[White "Ruslan Ponomariov"]
[Black "Leinier Dominguez Perez"]
[WhiteElo "2739"]
[BlackElo "2719"]
[PlyCount "95"]

1. d4 d5 2. c4 dxc4 3. e3 Nf6 4. Bxc4 e6 5. Nf3 a6 6. O-O c5
7. Nc3 b5 8. Bb3 Bb7 9. e4 cxd4 10. Nxd4 Nc6 11. Be3 Be7
12. Nxc6 Bxc6 13. Qxd8+ Rxd8 14. f3 Nd7 15. Rac1 Bb7 16. Ne2
Bd6 17. Nd4 Ne5 18. a4 bxa4 19. Bxa4+ Ke7 20. Nb3 Rc8 21. Na5
Ba8 22. Bd4 f6 23. Rfd1 Rxc1 24. Rxc1 Rb8 25. b3 g5 26. Kf1 h5
27. Ke2 h4 28. Ba7 Rg8 29. Bc5 Bxc5 30. Rxc5 Kd6 31. Rc3 Rb8
32. Ke3 Bb7 33. g3 hxg3 34. hxg3 Ba8 35. Rc1 Rh8 36. Rd1+ Ke7
37. Nc4 Nxc4+ 38. bxc4 Rd8 39. Rh1 Kd6 40. Kd4 e5+ 41. Kc3 Bc6
42. Rd1+ Kc7 43. Rxd8 Bxa4 44. Rf8 Bd1 45. Rxf6 a5 46. c5 a4
47. Kb4 Kd7 48. Rd6+ 1-0

[Event "World Blitz Championship"]
[Site "Moscow RUS"]
[Date "2009.11.17"]
[EventDate "2009.11.16"]
[Round "26"]
[Result "0-1"]
[White "Leinier Dominguez Perez"]
[Black "Alexander Grischuk"]
[WhiteElo "2719"]
[BlackElo "2736"]
[PlyCount "83"]

1. e4 c5 2. Nf3 d6 3. d4 cxd4 4. Nxd4 Nf6 5. Nc3 a6 6. h3 Nc6
7. g4 Qb6 8. Nb3 e6 9. Be3 Qc7 10. Qe2 b5 11. f4 Bb7 12. Bg2
Be7 13. O-O-O Nd7 14. Qf2 Na5 15. Nxa5 Qxa5 16. Kb1 Rc8
17. Bd4 O-O 18. e5 Bxg2 19. Qxg2 dxe5 20. fxe5 Nc5 21. Ne4
Nxe4 22. Qxe4 Qc7 23. Rh2 Rfd8 24. Rhd2 Bg5 25. Be3 Rxd2
26. Rxd2 h6 27. b3 a5 28. Bxg5 hxg5 29. Qe3 a4 30. Qxg5 axb3
31. axb3 Qa5 32. Qe3 Ra8 33. Qd4 Qa2+ 34. Kc1 Rc8 35. Qb2 Qa8
36. Qd4 Qh1+ 37. Kb2 Qxh3 38. Rf2 Qg3 39. Qd2 Qxe5+ 40. c3 b4
41. Rf3 Ra8 42. Re3 0-1

[Event "World Blitz Championship"]
[Site "Moscow RUS"]
[Date "2009.11.17"]
[EventDate "2009.11.16"]
[Round "28"]
[Result "1-0"]
[White "Leinier Dominguez Perez"]
[Black "Vladislav Ivanovich Tkachiev"]
[WhiteElo "2719"]
[BlackElo "2642"]
[PlyCount "89"]

1. e4 e5 2. Nf3 Nc6 3. Bb5 Bc5 4. c3 Nf6 5. d3 d6 6. O-O Bb6
7. Nbd2 Bd7 8. Ba4 Ne7 9. Bc2 Ng6 10. Nc4 O-O 11. Re1 Re8
12. h3 h6 13. a3 Be6 14. Nxb6 axb6 15. Be3 d5 16. exd5 Bxd5
17. d4 e4 18. Nd2 b5 19. a4 c6 20. Qe2 Qb6 21. b3 bxa4 22. c4
axb3 23. Bxb3 Rxa1 24. Rxa1 Rd8 25. cxd5 cxd5 26. Rc1 Qd6
27. g3 Qd7 28. Kg2 b6 29. Qa6 Rb8 30. Ba4 Qd8 31. Qb5 Ra8
32. Bb3 Nf8 33. Bf4 Ne6 34. Be5 Ra5 35. Qc6 Nd7 36. Qc8 Qxc8
37. Rxc8+ Kh7 38. Rc6 Nxe5 39. dxe5 Rb5 40. Rd6 Nc5 41. Bxd5
e3 42. fxe3 Rb2 43. Bxf7 g5 44. Kf3 Kg7 45. Bh5 1-0

[Event "World Blitz Championship"]
[Site "Moscow RUS"]
[Date "2009.11.18"]
[EventDate "2009.11.16"]
[Round "29"]
[Result "1/2-1/2"]
[White "Leinier Dominguez Perez"]
[Black "Boris Gelfand"]
[WhiteElo "2719"]
[BlackElo "2758"]
[PlyCount "123"]

1. e4 e6 2. d4 d5 3. Nc3 dxe4 4. Nxe4 Bd7 5. Nf3 Bc6 6. Bd3
Nd7 7. O-O Ngf6 8. Ng3 Be7 9. Qe2 Bxf3 10. Qxf3 c6 11. Re1 O-O
12. c3 Re8 13. Bf4 Bf8 14. Rad1 Qa5 15. a3 Qd5 16. Ne4 Nxe4
17. Bxe4 Qb3 18. Bc1 Nf6 19. Bb1 Rad8 20. Qe2 Qd5 21. Bc2 g6
22. g3 Bg7 23. Qf1 b5 24. Qg2 Qxg2+ 25. Kxg2 Nd5 26. h4 h5
27. f3 Bf8 28. a4 a6 29. Bd2 Nb6 30. axb5 axb5 31. Bd3 Ra8
32. Ra1 Nc4 33. Bxc4 bxc4 34. Kf2 Reb8 35. Rxa8 Rxa8 36. Ke2
Bd6 37. f4 Kg7 38. Rb1 Rb8 39. Kf3 c5 40. Be3 cxd4 41. Bxd4+
Kf8 42. Ra1 Rxb2 43. Ra4 Ke7 44. Rxc4 f6 45. Ra4 e5 46. fxe5
fxe5 47. Be3 Ke6 48. Ra6 Kd7 49. c4 Rc2 50. Ke4 Rc3 51. c5
Bxc5 52. Bxc5 Rxc5 53. Rxg6 Ke7 54. Kf5 Kf7 55. Rf6+ Kg7
56. Rg6+ Kf7 57. Rf6+ Kg7 58. Re6 Rc3 59. Rg6+ Kf7 60. Rg5 Re3
61. Rxh5 Rxg3 62. Rh7+ 1/2-1/2

[Event "World Blitz Championship"]
[Site "Moscow RUS"]
[Date "2009.11.18"]
[EventDate "2009.11.16"]
[Round "30"]
[Result "1-0"]
[White "Sergey Karjakin"]
[Black "Leinier Dominguez Perez"]
[WhiteElo "2723"]
[BlackElo "2719"]
[PlyCount "87"]

1. e4 c5 2. Nf3 d6 3. d4 cxd4 4. Nxd4 Nf6 5. Nc3 a6 6. Be3 e5
7. Nb3 Be6 8. f3 h5 9. Be2 Nbd7 10. a4 Rc8 11. O-O Nb6 12. a5
Nc4 13. Bxc4 Rxc4 14. Bb6 Qc8 15. Nc1 Be7 16. N1e2 O-O 17. Qd2
Rc6 18. Rfc1 Bd8 19. Be3 Qd7 20. Nd5 Bxd5 21. exd5 Rc8 22. c4
Re8 23. h3 Nh7 24. b4 f5 25. c5 Nf6 26. Rd1 f4 27. Bf2 g5
28. Qd3 Kg7 29. Nc3 g4 30. hxg4 hxg4 31. cxd6 gxf3 32. Qxf3 e4
33. Qxf4 Rxc3 34. Bd4 Rc4 35. Qg5+ Kf7 36. Bxf6 Bxf6 37. Rf1
Qxd6 38. Rxf6+ Qxf6 39. Rf1 Qxf1+ 40. Kxf1 e3 41. Qf5+ Kg7
42. Ke2 Rc7 43. d6 Rf7 44. d7 1-0

[Event "World Blitz Championship"]
[Site "Moscow RUS"]
[Date "2009.11.18"]
[EventDate "2009.11.16"]
[Round "31"]
[Result "1/2-1/2"]
[White "Leinier Dominguez Perez"]
[Black "Anatoly Karpov"]
[WhiteElo "2719"]
[BlackElo "2619"]
[PlyCount "63"]

1. e4 c6 2. d4 d5 3. e5 Bf5 4. Nf3 e6 5. Be2 Ne7 6. Nbd2 c5
7. dxc5 Nec6 8. Nb3 Bxc5 9. Nxc5 Qa5+ 10. c3 Qxc5 11. Qb3 Qe7
12. Bg5 Qc7 13. Nd4 Nxd4 14. cxd4 Nc6 15. Be3 Qa5+ 16. Kf1 Qb4
17. f3 Qxb3 18. axb3 Kd7 19. Kf2 Rhc8 20. Rhc1 a6 21. Rc3 Na7
22. b4 Rxc3 23. bxc3 Rc8 24. Bd2 Nb5 25. Bxb5+ axb5 26. Ke3 h5
27. h3 Rh8 28. Kf2 Kc6 29. Bg5 Kd7 30. Ra5 Kc6 31. Ra1 Kd7
32. Ra5 1/2-1/2

[Event "World Blitz Championship"]
[Site "Moscow RUS"]
[Date "2009.11.18"]
[EventDate "2009.11.16"]
[Round "34"]
[Result "1-0"]
[White "Viswanathan Anand"]
[Black "Leinier Dominguez Perez"]
[WhiteElo "2788"]
[BlackElo "2719"]
[PlyCount "73"]

1. d4 d5 2. c4 dxc4 3. e4 e5 4. Nf3 exd4 5. Bxc4 Bb4+ 6. Nbd2
Nc6 7. O-O Nf6 8. e5 Nd5 9. Nb3 Be7 10. Bg5 Nb6 11. Bxe7 Qxe7
12. Bb5 Bd7 13. Re1 O-O-O 14. Rc1 d3 15. Qd2 g6 16. Nc5 Be8
17. Bxd3 Kb8 18. b4 Nd4 19. Nxd4 Rxd4 20. Qc3 Rd8 21. Be4 Nd5
22. Qb3 Qxe5 23. Rcd1 Bc6 24. Nd3 Qd4 25. b5 Bxb5 26. Qxb5 c6
27. Nc5 cxb5 28. Rxd4 Nc3 29. Rxd8+ Rxd8 30. Bxb7 Nxa2 31. g3
Nc3 32. Re7 a5 33. Bc6 Rd6 34. Bxb5 Nxb5 35. Rb7+ Kc8 36. Rxb5
Rd5 37. Rxa5 1-0

[Event "World Blitz Championship"]
[Site "Moscow RUS"]
[Date "2009.11.18"]
[EventDate "2009.11.16"]
[Round "36"]
[Result "0-1"]
[White "Levon Aronian"]
[Black "Leinier Dominguez Perez"]
[WhiteElo "2786"]
[BlackElo "2719"]
[PlyCount "138"]

1. d4 d5 2. c4 dxc4 3. e4 e5 4. Nf3 Nf6 5. Nc3 exd4 6. Qxd4
Qxd4 7. Nxd4 Bc5 8. Ndb5 Na6 9. Bf4 c6 10. Nd6+ Bxd6 11. Bxd6
Be6 12. O-O-O O-O-O 13. Be2 Rhe8 14. f3 Nd7 15. Rd4 b5
16. Rhd1 Nac5 17. Bg3 Nb7 18. Bf2 a6 19. h4 Ne5 20. h5 c5
21. R4d2 Rxd2 22. Rxd2 Rd8 23. Rxd8+ Kxd8 24. Kd2 Nc6 25. a4
b4 26. Nd5 Nca5 27. Nf4 Bd7 28. Nd5 Bxa4 29. Bh4+ Ke8 30. h6
gxh6 31. Nf6+ Kd8 32. Nd5+ Ke8 33. Nf6+ Ke7 34. Nxh7+ Kd6
35. Nf6 Nb3+ 36. Ke3 Bb5 37. Bg3+ Kc6 38. Nd5 a5 39. Be5 a4
40. g4 c3 41. Ne7+ Kb6 42. Nd5+ Ka5 43. bxc3 Bxe2 44. cxb4+
cxb4 45. Kxe2 Kb5 46. Kd3 N7c5+ 47. Kc2 a3 48. Kb1 Nd2+
49. Ka2 Nxf3 50. Bg7 Nxe4 51. Bxh6 Nd4 52. Bf8 Nc6 53. Kb3
Nc5+ 54. Ka2 Nd3 55. Kb3 Nd4+ 56. Ka2 Kc4 57. Nb6+ Kb5 58. Nd5
Nc5 59. g5 Nc6 60. Ne3 Na5 61. Be7 Nc4 62. Nd5 b3+ 63. Ka1 Na4
64. Bf6 b2+ 65. Ka2 Kc5 66. Nc3 Nxc3+ 67. Bxc3 Kd5 68. Bb4 Ke4
69. Kb1 Kd3 0-1

[Event "World Blitz Championship"]
[Site "Moscow RUS"]
[Date "2009.11.18"]
[EventDate "2009.11.16"]
[Round "39"]
[Result "0-1"]
[White "Leinier Dominguez Perez"]
[Black "Vassily Ivanchuk"]
[WhiteElo "2719"]
[BlackElo "2739"]
[PlyCount "180"]

1. e4 e5 2. Nf3 Nc6 3. Bb5 Nf6 4. d3 d6 5. O-O g6 6. Re1 Bg7
7. d4 Bd7 8. d5 Ne7 9. Bxd7+ Nxd7 10. Be3 O-O 11. c4 Kh8
12. Nc3 Ng8 13. b4 a5 14. a3 f5 15. Qc2 Bh6 16. Bxh6 Nxh6
17. c5 axb4 18. axb4 Rxa1 19. Rxa1 dxc5 20. bxc5 Nxc5 21. Re1
Qf6 22. exf5 Nxf5 23. Ne4 Nxe4 24. Rxe4 Nd4 25. Nxd4 exd4
26. f3 Ra8 27. Qb2 b5 28. h3 Rb8 29. Qb4 d3 30. Re6 Qg7
31. Re3 d2 32. Qxd2 b4 33. Rb3 Qa1+ 34. Kh2 Qe5+ 35. f4 Qe4
36. Qf2 h5 37. Qb2+ Kh7 38. Qd2 Rb5 39. d6 cxd6 40. Qxd6 Rb7
41. Qd2 Qc4 42. Qe3 Rf7 43. g3 h4 44. Kg2 hxg3 45. Kxg3 Rd7
46. Qf3 Rc7 47. Rb1 Qd4 48. Rd1 Qf6 49. Rd3 Rc3 50. Qb7+ Kh6
51. Rxc3 Qxc3+ 52. Kg4 b3 53. Qb8 b2 54. Qf8+ Qg7 55. Qb8 Qf6
56. Kg3 Kh5 57. Qb5+ g5 58. Qe2+ Kh6 59. Qc2 Qxf4+ 60. Kg2 Qf6
61. Kg3 Qe5+ 62. Kg2 Kg7 63. Kf3 Qd5+ 64. Kg4 Qb5 65. Qc7+ Kf8
66. Qd6+ Ke8 67. Qe6+ Kd8 68. Qf6+ Kc7 69. Qc3+ Kb7 70. Qg7+
Kb6 71. Qg6+ Ka5 72. Qb1 Qe5 73. Kh5 Kb4 74. Kg6 Kc3 75. Kh5
Qe3 76. Qa2 Qxh3+ 77. Kg6 Qd3+ 78. Kh6 b1=Q 79. Qa3+ Qb3
80. Qc5+ Kb2 81. Qe5+ Qbc3 82. Qh2+ Qdd2 83. Qb8+ Kc1 84. Qf8
g4+ 85. Kh7 Qdd3+ 86. Kh6 Qc6+ 87. Kh5 Qdd5+ 88. Kh4 Qh1+
89. Kg5 Qhh6+ 90. Qxh6 Qxh6+ 0-1

[Event "World Blitz Championship"]
[Site "Moscow RUS"]
[Date "2009.11.18"]
[EventDate "2009.11.16"]
[Round "40"]
[Result "0-1"]
[White "Vladimir Kramnik"]
[Black "Leinier Dominguez Perez"]
[WhiteElo "2772"]
[BlackElo "2719"]
[PlyCount "76"]

1. c4 c5 2. Nf3 Nc6 3. Nc3 e5 4. g3 g6 5. Bg2 Bg7 6. a3 d6
7. O-O a5 8. Ne1 Be6 9. d3 Nge7 10. Nc2 Rb8 11. Ne3 Nd4
12. Ned5 Nxd5 13. cxd5 Bg4 14. h3 Bc8 15. e3 Nf5 16. b4 b5
17. e4 Nd4 18. bxc5 dxc5 19. Be3 O-O 20. Rc1 Qd6 21. a4 b4
22. Nb5 Qb6 23. Bxd4 cxd4 24. Rc6 Qd8 25. Qc2 Bd7 26. Rc1 Bh6
27. Rb1 Rc8 28. Rc4 Qb6 29. h4 Rxc4 30. dxc4 Rc8 31. Qd3 Qc5
32. Bf1 f5 33. Re1 Rf8 34. exf5 Bxf5 35. Qd1 d3 36. Kh1 Qxf2
37. Bg2 Qxg3 38. d6 Bf4 0-1

[Event "World Blitz Championship"]
[Site "Moscow RUS"]
[Date "2009.11.18"]
[EventDate "2009.11.16"]
[Round "41"]
[Result "0-1"]
[White "Leinier Dominguez Perez"]
[Black "Vugar Gashimov"]
[WhiteElo "2719"]
[BlackElo "2758"]
[PlyCount "130"]

1. e4 c5 2. Nf3 d6 3. d4 cxd4 4. Nxd4 Nf6 5. Nc3 g6 6. Be3 Bg7
7. h3 Nc6 8. g4 Bd7 9. Bg2 Rc8 10. Qd2 Qa5 11. Nb3 Qc7 12. f4
Na5 13. Nxa5 Qxa5 14. Bd4 Rc4 15. e5 dxe5 16. fxe5 Nxg4
17. hxg4 Bxe5 18. Bxe5 Qxe5+ 19. Ne2 Qxb2 20. Rd1 Rc7 21. Bd5
Qe5 22. Bb3 a5 23. a4 O-O 24. Qd4 Qxd4 25. Rxd4 Kg7 26. Kd2 h6
27. Nc3 Bc6 28. Re1 e6 29. Nb5 Re7 30. Nd6 Rd7 31. c3 Rfd8
32. Kd3 Rxd6 33. Rxd6 Rxd6+ 34. Kc2 Bf3 35. Rg1 g5 36. Bc4 Bd5
37. Bd3 Bc6 38. Bb5 Bxb5 39. axb5 f5 40. c4 f4 41. Kc3 b6
42. c5 bxc5 43. Kc4 Kf6 44. Rb1 e5 45. b6 Rd8 46. b7 Rb8
47. Kd5 a4 48. Rb6+ Ke7 49. Kxe5 a3 50. Rxh6 a2 51. Ra6 Rxb7
52. Rxa2 c4 53. Kd4 Rc7 54. Kc3 Kd6 55. Ra6+ Rc6 56. Ra7 Ke5
57. Re7+ Kf6 58. Re8 Kf7 59. Re5 Kg6 60. Ra5 f3 61. Ra2 Rf6
62. Rf2 Rf4 63. Kd2 Kf6 64. Ke3 Ke5 65. Kd2 Kd4 0-1

[Event "World Cup"]
[Site "Khanty-Mansiysk RUS"]
[Date "2009.11.23"]
[EventDate "2009.11.21"]
[Round "1.5"]
[Result "1/2-1/2"]
[White "David Smerdon"]
[Black "Leinier Dominguez Perez"]
[WhiteElo "2525"]
[BlackElo "2719"]
[PlyCount "139"]

1. e4 c5 2. c3 Nf6 3. e5 Nd5 4. d4 cxd4 5. cxd4 d6 6. Nf3 Nc6
7. Bc4 Nb6 8. Bb5 dxe5 9. Nxe5 Bd7 10. Nxd7 Qxd7 11. Nc3 e6
12. O-O Rd8 13. Bg5 Be7 14. Bxe7 Qxe7 15. Qf3 O-O 16. Bxc6
bxc6 17. Qxc6 Rxd4 18. Rad1 Rc4 19. Qd6 Qb7 20. h3 Na4
21. Nxa4 Rxa4 22. Qd7 Qxd7 23. Rxd7 Rxa2 24. Rb7 g5 25. Rc1
Kg7 26. Rcc7 Kg6 27. b4 Rb2 28. b5 h5 29. g3 Rb4 30. Rc5 Ra4
31. Rc6 h4 32. Ra6 Rb4 33. gxh4 Rxh4 34. Kg2 Rb4 35. Raxa7 Rb3
36. b6 Rb2 37. Kg3 f6 38. Rg7+ Kf5 39. b7 Rb3+ 40. Kg2 e5
41. Ra8 Rxb7 42. Rxg5+ Kxg5 43. Rxf8 f5 44. Kg3 Rb3+ 45. Kg2
Kf4 46. Rh8 e4 47. Rh4+ Ke5 48. Rh8 Rb2 49. h4 Kf4 50. Re8 Kg4
51. Re5 Rb6 52. Ra5 f4 53. f3+ exf3+ 54. Kf2 Rb2+ 55. Kf1 Rb1+
56. Kf2 Rb2+ 57. Kf1 f2 58. Ra3 Kxh4 59. Rc3 Kg4 60. Ra3 Rc2
61. Rb3 Rd2 62. Ra3 Kf5 63. Ra5+ Ke4 64. Ra4+ Ke3 65. Ra3+ Ke4
66. Ra4+ Kf3 67. Ra3+ Kg4 68. Rb3 f3 69. Rb4+ Kg3 70. Rg4+
1/2-1/2

[Event "Amber Tournament (Blindfold)"]
[Site "Nice FRA"]
[Date "2010.03.24"]
[EventDate "2010.03.13"]
[Round "10"]
[Result "1/2-1/2"]
[White "Jan Smeets"]
[Black "Leinier Dominguez Perez"]
[WhiteElo "2651"]
[BlackElo "2713"]
[PlyCount "125"]

1. e4 e5 2. Nf3 Nc6 3. d4 exd4 4. Nxd4 Bc5 5. Be3 Qf6 6. c3
Nge7 7. g3 d5 8. Bg2 Bxd4 9. cxd4 O-O 10. exd5 Nb4 11. Qb3 Qd6
12. Bf4 Qb6 13. O-O Nf5 14. Bxc7 Qxc7 15. Qxb4 Nd6 16. Nd2 Rd8
17. Rac1 Qb6 18. Qxb6 axb6 19. a3 Bf5 20. Rfe1 Ra4 21. Nb3 Kf8
22. Rc7 Rd7 23. Rc3 Re7 24. Ree3 Ke8 25. h3 h5 26. Rc7 Rxe3
27. fxe3 Kd8 28. Rc1 Bd3 29. Rc3 Be4 30. Nd2 f5 31. g4 hxg4
32. hxg4 g6 33. Bxe4 fxe4 34. Kf2 b5 35. Rc1 g5 36. Ke2 Kd7
37. Rh1 b4 38. Rh7+ Kd8 39. axb4 Ra2 40. Rh6 Kd7 41. Kd1 Ra1+
42. Kc2 Rg1 43. Rh7+ Kd8 44. Rh6 Kd7 45. Kc3 Rc1+ 46. Kb3 b5
47. Rh7+ Kd8 48. Rh6 Kd7 49. Re6 Re1 50. Nxe4 Rxe3+ 51. Nc3
Rg3 52. Kc2 Rxg4 53. Ne2 Rh4 54. Rg6 Rh2 55. Rg7+ Kc8 56. Kd3
Rh3+ 57. Kc2 Rh2 58. Kd2 Nc4+ 59. Ke1 Rh1+ 60. Kf2 Rh2+
61. Ke1 Rh1+ 62. Kf2 Rh2+ 63. Ke1 1/2-1/2

[Event "Amber Tournament (Rapid)"]
[Site "Nice FRA"]
[Date "2010.03.24"]
[EventDate "2010.03.13"]
[Round "10"]
[Result "0-1"]
[White "Leinier Dominguez Perez"]
[Black "Jan Smeets"]
[WhiteElo "2713"]
[BlackElo "2651"]
[PlyCount "84"]

1. e4 e5 2. Nf3 Nc6 3. Bb5 a6 4. Ba4 Nf6 5. O-O Nxe4 6. d4 b5
7. Bb3 d5 8. dxe5 Be6 9. Be3 Be7 10. c3 Nc5 11. Bc2 Nd7
12. Bd4 g5 13. Qe2 g4 14. Ne1 Nxd4 15. cxd4 c5 16. f4 gxf3
17. Nxf3 c4 18. Nc3 Nb6 19. Qe3 h6 20. Ne2 Qd7 21. Nf4 O-O-O
22. b3 b4 23. bxc4 dxc4 24. Nxe6 fxe6 25. Be4 Kb8 26. Qe2 Rc8
27. Kh1 Rc7 28. Rfc1 Ka7 29. Rab1 a5 30. g3 Rhc8 31. h4 Nd5
32. Qd2 Bf8 33. a3 Kb8 34. axb4 axb4 35. Qe2 Nb6 36. Qf2 Ra7
37. Ne1 b3 38. Ng2 Ba3 39. Rc3 Bb4 40. Rcc1 Ra2 41. Qxa2 bxa2
42. Rxb4 Qxd4 0-1

[Event "Amber Tournament (Blindfold)"]
[Site "Nice FRA"]
[Date "2010.03.25"]
[EventDate "2010.03.13"]
[Round "11"]
[Result "0-1"]
[White "Leinier Dominguez Perez"]
[Black "Levon Aronian"]
[WhiteElo "2713"]
[BlackElo "2782"]
[PlyCount "74"]

1. d4 d5 2. c4 c6 3. Nf3 Nf6 4. cxd5 cxd5 5. Nc3 Nc6 6. Bf4 a6
7. Rc1 Bf5 8. Ne5 Nxe5 9. dxe5 d4 10. exf6 dxc3 11. Rxc3 Qxd1+
12. Kxd1 gxf6 13. g3 e5 14. Be3 Bb4 15. Rc4 a5 16. Bg2 O-O
17. Bxb7 Rab8 18. Bc6 Rfc8 19. f3 Rd8+ 20. Kc1 Ba3 21. Be4
Rxb2 22. Rc3 Bxe4 23. fxe4 Rdb8 24. Rxa3 Rb1+ 25. Kc2 Rxh1
26. Rxa5 Rxh2 27. Ra6 Kg7 28. a4 Rxe2+ 29. Kd3 Rg2 30. Bc5 Rc8
31. Ra5 Rxg3+ 32. Kc4 h5 33. Rb5 h4 34. a5 h3 35. Rb1 h2
36. Rh1 Rg2 37. Kb5 Rb2+ 0-1

[Event "Amber Tournament (Rapid)"]
[Site "Nice FRA"]
[Date "2010.03.25"]
[EventDate "2010.03.13"]
[Round "11"]
[Result "1/2-1/2"]
[White "Levon Aronian"]
[Black "Leinier Dominguez Perez"]
[WhiteElo "2782"]
[BlackElo "2713"]
[PlyCount "84"]

1. c4 c5 2. Nf3 Nc6 3. Nc3 e5 4. g3 g6 5. Bg2 Bg7 6. O-O d6
7. Ne1 Be6 8. d3 Nge7 9. Bg5 f6 10. Bd2 O-O 11. a3 a5 12. Nc2
d5 13. cxd5 Nxd5 14. Ne3 Nxe3 15. Bxe3 Nd4 16. Bxb7 Rb8
17. Bg2 Rxb2 18. Rb1 Qb8 19. Bxd4 cxd4 20. Ne4 Rxb1 21. Qxb1
Rc8 22. Bf3 h6 23. g4 f5 24. gxf5 gxf5 25. Ng3 Bf8 26. Bb7 Rd8
27. Qb5 Qc7 28. Bg2 Rb8 29. Qa6 Qb6 30. Qxb6 Rxb6 31. a4 f4
32. Ne4 Rb4 33. Rc1 Rxa4 34. h4 Rb4 35. Rc7 Rb1+ 36. Kh2 Bb4
37. Bh3 Bb3 38. Bf5 a4 39. Nf6+ Kf8 40. Nh7+ Kg8 41. Nf6+ Kf8
42. Nh7+ Kg8 1/2-1/2

[Event "Leon Rapid"]
[Site "Leon ESP"]
[Date "2010.06.05"]
[EventDate "2010.06.05"]
[Round "1.1"]
[Result "1/2-1/2"]
[White "Leinier Dominguez Perez"]
[Black "Levon Aronian"]
[WhiteElo "2713"]
[BlackElo "2783"]
[PlyCount "37"]

1. e4 e5 2. Nf3 Nc6 3. Bb5 Bc5 4. d3 Nf6 5. c3 O-O 6. O-O Re8
7. Nbd2 d6 8. d4 exd4 9. cxd4 Nxd4 10. Bxe8 Qxe8 11. Nxd4 Bxd4
12. h3 Bd7 13. Re1 Bc6 14. Nf3 Bb6 15. Be3 Ba5 16. Bd2 Bb6
17. Be3 Ba5 18. Bd2 Bb6 19. Be3 1/2-1/2